000 02024nam0a2200397 4500
001 RU\NLR\bibl\872817
005 20260406083330.0
021 _aRU
_b2005-45638
_92244
035 _a(nilc)RSL-KNO-002686586
035 _a(NLR Aleph) 000861430
090 _a1542354
_c1542354
100 _a20050714d2005 |||y0rusy50 ca
101 0 _arus
102 _aRU
105 _aa |||||||||
106 _ar
200 1 _aПассивная магнитная система ориентации первого российского наноспутника ТНС-0
_fН.В. Куприянова, М.Ю. Овчинников, В.И. Пеньков, А.С. Селиванов
210 _aМосква
_c[б.и.]
_d2005
215 _a24 с.
_cил.
_d20
225 1 _aПрепринт
_fИн-т приклад. математики им. М.В. Келдыша Рос. акад. наук
_v№ 46
320 _aБиблиогр.: с. 24 (11 назв.)
606 1 _aТНС, искусственные наноспутники Земли
_xОриентация
_xМагнитные системы
_92402173
_3RU\NLR\auth\661431827
610 0 _aТранспорт -- Межпланетные полёты -- Космонавтика -- Искусственные спутники -- Искусственные спутники Земли -- Системы управления, стабилизации и ориентации
610 0 _aмагнитная система ориентации
686 _aО643.1-047,0
_2rubbk
686 _aО643.1-047
701 1 _aКуприянова
_bН. В.
_4070
701 1 _4070
_7ca
_8rus
_aОвчинников
_bМ. Ю.
_cд-р физ.-мат. наук
_f1953-
_gМихаил Юрьевич
_932648
_3RU\NLR\auth\7749713
701 1 _aПеньков
_bВ. И.
_4070
701 1 _aСеливанов
_bА. С.
_4070
801 0 _aRU
_bRuMoRKP
_c20050714
_grcr
801 1 _aRU
_bRuMoRGB
_c20050714
801 2 _aRU
_bNLR
_c20051116
_grcr
942 _cBOOK
980 _aNB